Zákon by mal byť jednoznačný a zrozumiteľný Otázniky nad novelizáciou nemocenského, zdravotného a dôchodkového poistenia

Nová právna úprava zákonov č.273/1994 Z.z. o zdravotnom poistení a č. 274/1994 Z.z. o Sociálnej poisťovni. Niektoré pripomienky k sporným a nepresným ustanoveniam zákonov zo strany zamestnávateľov a samostatne zárobkovo činných osôb.

Saved in:
Bibliographic Details
Main Author: Slivka, R.
Format: Book Chapter
Language:Slovak
Subjects:
Tags: Add Tag
No Tags, Be the first to tag this record!

MARC

LEADER 00000naa a2200000 4500
001 r017210
005 20221213100643.9
041 0 |a slo 
044 |a SK 
245 1 0 |a Zákon by mal byť jednoznačný a zrozumiteľný  |b Otázniky nad novelizáciou nemocenského, zdravotného a dôchodkového poistenia  |c R. Slivka 
520 |a Nová právna úprava zákonov č.273/1994 Z.z. o zdravotnom poistení a č. 274/1994 Z.z. o Sociálnej poisťovni. Niektoré pripomienky k sporným a nepresným ustanoveniam zákonov zo strany zamestnávateľov a samostatne zárobkovo činných osôb. 
610 2 0 |a zákony 
610 2 0 |a Slovensko 
610 2 0 |a 1994 
610 2 0 |a poistenie zdravotné 
610 2 0 |a poistenie nemocenské 
610 2 0 |a poistenie dôchodkové 
610 2 0 |a komentáre 
100 1 |a Slivka, R.